000 00464nam a22001937a 4500
003 MPLRDC
005 20220104152233.0
008 210129b ||||| |||| 00| 0 eng d
020 _a962-950-059-X
082 _a857.7 XMY v.69
100 _a唐筠
245 _a两两相依此情深
_c
250 _a初版
260 _a
_b星河出版社
_c1997
300 _b
490 _a寻梦园系列. 069
650 _a长篇小说
942 _cBK
_o857.7 XMY v.69
999 _c52784
_d52774